Culture Générale - Série 1558 - Statistiques

Statistiques générales
  • Ce quiz a été pris 99 fois
  • Le résultat moyen est 6 sur 10
Statistiques - réponses
Question Réponse % Correct
En 1682, quel roi installa officiellement son gouvernement à Versailles ? Louis XIV
97%
Un avion qui vole sur de très longues distances est un long-... courrier
93%
Sur une carte marine, l'étoile à 32 divisions donnant les points cardinaux et collatéraux est une rose des... vents
91%
À quel pays de l'ancienne Yougoslavie la ville de Zagreb appartient-elle ? Croatie
89%
Dans quel pays d'Amérique se trouve la ville de Guadalajara ? Mexique
82%
Dans quelle communauté autonome d'Espagne se situent les villes de Grenade et de Cadix ? Andalousie
81%
Quel "code", adopté en 1804, Cambacérès a-t-il largement contribué à rédiger ? Code civil
61%
Quelle longue bande d'étoffe est portée en bandoulière par le diacre et au cou par l'évêque et le prêtre, pendant leurs fonctions liturgiques ? étole
33%
Quel cavalier,prénommé Pierre, champion olympique en 1988, montait le cheval Jappeloup ? Pierre Durand
12%
Quel médecin anglais, prénommé William, découvre le mécanisme de la circulation du sang, en 1628 ? William Harvey
4%
Aucun quiz correspondant
Distribution des résultats
% des personnes avec chaque résultat
Percentile par nombre de réponses
Votre historique - résultats
Vous n’avez pas pris ce quiz